[Event "POL-chT"]
[Site "Poland"]
[Date "2016.09.23"]
[Round "4.4"]
[White "Szelag, Marcin"]
[Black "Socko, Bartosz"]
[Result "0-1"]
[WhiteElo "2441"]
[BlackElo "2594"]
[PlyCount "96"]
[EventDate "2016.06.24"]
[EventType "team-tourn"]
[EventRounds "9"]
[EventCountry "POL"]
[SourceTitle "EXT 2017"]
[Source "ChessBase"]
[SourceDate "2016.10.25"]
[SourceVersion "1"]
[SourceVersionDate "2016.10.25"]
[SourceQuality "1"]
[WhiteTeam "Gliwice Akademia Szachowa"]
[BlackTeam "Katowice Hetman Szopienice"]
[WhiteTeamCountry "POL"]
[BlackTeamCountry "POL"]

1. e4 e5 2. Nf3 Nc6 3. Bb5 a6 4. Ba4 Nf6 5. 0-0 Be7 6. Re1 d6 7. c3 Bg4 8. d3 Nd7 9. b4 0-0 10. Nbd2 b5 11. Bb3 a5 12. Bd5 Ra6 13. bxa5 Nxa5 14. a4 bxa4 15. Qxa4 c6 16. Ba2 Qa8 17. Qc2 Nb7 18. h3 Bh5 19. g4 Bg6 20. Nf1 Nbc5 21. Re2 Nxd3 22. Qxd3 Nc5 23. Qe3 Nxe4 24. Ng3 Nxg3 25. fxg3 Kh8 26. Kh2 f5 27. gxf5 Rxf5 28. g4 Rf8 29. Ng5 Rf1 30. Ne6 c5 31. Rg2 Be4 32. Nc7 Qc6 33. Rb2 Ra4 34. Rb8+ Bf8 35. Ne6 Ra8 36. Nd8 Qa4 37. Nf7+ Rxf7 38. Rxa8 Bxa8 39. Bxf7 Qxa1 40. Qg5 Qxc3 41. Be3 Qb2+ 42. Kg3 Qb7 43. Qf5 Qg2+ 44. Kh4 Qf3 45. Bg5 h6 46. Bd8 g5+ 47. Kh5 Qxf5 48. gxf5 Kg7 0-1

[Event "Trzcianka Dziedzic Memorial 6th"]
[Site "Trzcianka"]
[Date "2016.09.18"]
[Round "1"]
[White "Czernek, Tymon"]
[Black "Szelag, Marcin"]
[Result "0-1"]
[WhiteElo "1877"]
[BlackElo "2460"]
[PlyCount "134"]
[EventDate "2016.09.18"]
[EventType "swiss (rapid)"]
[EventRounds "9"]
[EventCountry "POL"]
[SourceTitle "CBM 174 Extra"]
[Source "ChessBase"]
[SourceDate "2016.10.10"]
[SourceVersion "1"]
[SourceVersionDate "2016.10.10"]
[SourceQuality "1"]

1. Nf3 Nf6 2. d4 g6 3. c4 Bg7 4. g3 d5 5. Nc3 0-0 6. Bg2 dxc4 7. Ne5 c6 8. Nxc4 Be6 9. Ne3 Qd7 10. 0-0 Rd8 11. Nc2 Bh3 12. e4 Bxg2 13. Kxg2 e5 14. dxe5 Qxd1 15. Rxd1 Rxd1 16. exf6 Rxc1 17. Rxc1 Bxf6 18. Rd1 Na6 19. f4 Rd8 20. Rxd8+ Bxd8 21. b4 Be7 22. a3 Kf8 23. g4 h6 24. e5 Ke8 25. f5 Nc7 26. f6 Bf8 27. Kf3 Kd7 28. Ke4 b6 29. h4 a5 30. h5 gxh5 31. gxh5 axb4 32. axb4 b5 33. Kf5 Na6 34. e6+ fxe6+ 35. Kg6 Nxb4 36. Nxb4 Bxb4 37. f7 Bf8 38. Ne4 b4 39. Nf6+ Kd6 40. Ne4+ Ke5 41. Nd2 Kd5 42. Kh7 c5 43. Kg8 Bd6 44. Kg7 c4 45. Kxh6 Bf8+ 46. Kh7 c3 47. Nb3 c2 48. Kg8 Bh6 49. Kh7 Bf8 50. Kg8 Bh6 51. Kh7 Kc4 52. Nc1 Bf8 53. Kg8 Bc5 54. h6 b3 55. h7 b2 56. h8Q bxc1Q 57. Qh4+ Kb5 58. Qh5 Qg1+ 59. Kh7 c1Q 60. f8Q Qc2+ 61. Kh8 Qd4+ 62. Kg8 Qg2+ 63. Kh7 Qge4+ 64. Kg8 Qg4+ 65. Qxg4 Qxg4+ 66. Qg7 Qxg7+ 67. Kxg7 e5 0-1

[Event "Rubinstein Memorial 52nd"]
[Site "Polanica Zdroj"]
[Date "2016.08.27"]
[Round "8"]
[White "Szelag, Marcin"]
[Black "Nowak, Kamil"]
[Result "1/2-1/2"]
[WhiteElo "2443"]
[BlackElo "2240"]
[PlyCount "119"]
[EventDate "2016.08.20"]
[EventType "swiss"]
[EventRounds "10"]
[EventCountry "POL"]
[SourceTitle "CBM 174 Extra"]
[Source "ChessBase"]
[SourceDate "2016.10.10"]
[SourceVersion "1"]
[SourceVersionDate "2016.10.10"]
[SourceQuality "1"]

1. e4 e5 2. Nf3 Nc6 3. Bb5 a6 4. Ba4 Nf6 5. 0-0 Be7 6. Re1 b5 7. Bb3 d6 8. c3 0-0 9. h3 Na5 10. Bc2 c5 11. d4 Nd7 12. Nbd2 exd4 13. cxd4 Nc6 14. d5 Nce5 15. a4 Bb7 16. Nxe5 Nxe5 17. f4 Ng6 18. Nf3 Bh4 19. Rf1 Bf6 20. e5 Be7 21. Be4 f5 22. exf6 Bxf6 23. Bf5 Kh8 24. Be6 Qb6 25. a5 Qc7 26. g4 Rae8 27. g5 Rxe6 28. dxe6 Bd4+ 29. Kh2 Qc6 30. Qe2 Qd5 31. Ra3 Ne7 32. Nxd4 cxd4 33. Re1 Nf5 34. Rd3 Re8 35. Qf2 Rxe6 36. Rdd1 Rxe1 37. Rxe1 g6 38. Bd2 Bc6 39. Rd1 Nh4 40. Bc3 Nf3+ 41. Kg3 h5 42. Bxd4+ Kg8 43. Qe3 Qf5 44. Bc3 h4+ 45. Kf2 Nxg5 46. Ke2 Ne4 47. Ke1 Kf7 48. Bd4 g5 49. fxg5 Nxg5 50. Kd2 Bd5 51. Kc3 Qc8+ 52. Kd2 Nf3+ 53. Ke2 Qc2+ 54. Rd2 Nxd2 55. Qf4+ Ke8 56. Qxd2 Bf3+ 57. Ke1 Qxd2+ 58. Kxd2 Bg2 59. Bf2 Bxh3 60. b4 1/2-1/2

[Event "Rubinstein Memorial 52nd"]
[Site "Polanica Zdroj"]
[Date "2016.08.25"]
[Round "6"]
[White "Cyborowski, Lukasz"]
[Black "Szelag, Marcin"]
[Result "0-1"]
[WhiteElo "2526"]
[BlackElo "2443"]
[PlyCount "60"]
[EventDate "2016.08.20"]
[EventType "swiss"]
[EventRounds "10"]
[EventCountry "POL"]
[SourceTitle "CBM 174 Extra"]
[Source "ChessBase"]
[SourceDate "2016.10.10"]
[SourceVersion "1"]
[SourceVersionDate "2016.10.10"]
[SourceQuality "1"]

1. c4 g6 2. Nc3 Bg7 3. d4 Nf6 4. e4 d6 5. f3 0-0 6. Be3 c5 7. Nge2 Nc6 8. d5 Ne5 9. Ng3 h5 10. Be2 h4 11. Nf1 e6 12. Nd2 exd5 13. cxd5 a6 14. a4 Bd7 15. a5 b5 16. axb6 Qxb6 17. Ra2 Qb4 18. 0-0 Bb5 19. Qc2 Nfd7 20. Rfa1 Nb6 21. h3 Bxe2 22. Nxe2 Nec4 23. Nxc4 Nxc4 24. Bf2 Nxb2 25. Rxa6 Rxa6 26. Rxa6 c4 27. Bxh4 Rb8 28. Bg3 Qb3 29. Qb1 Nd3 30. Qf1 Qc2 0-1

[Event "Rubinstein Memorial 52nd"]
[Site "Polanica Zdroj"]
[Date "2016.08.23"]
[Round "4"]
[White "Kanicki, Krzysztof"]
[Black "Szelag, Marcin"]
[Result "0-1"]
[WhiteElo "2177"]
[BlackElo "2443"]
[PlyCount "74"]
[EventDate "2016.08.20"]
[EventType "swiss"]
[EventRounds "10"]
[EventCountry "POL"]
[SourceTitle "CBM 174 Extra"]
[Source "ChessBase"]
[SourceDate "2016.10.10"]
[SourceVersion "1"]
[SourceVersionDate "2016.10.10"]
[SourceQuality "1"]

1. e4 c5 2. Nf3 d6 3. d4 cxd4 4. Nxd4 Nf6 5. Nc3 a6 6. Be3 e5 7. Nb3 Be6 8. f3 h5 9. Be2 Nbd7 10. Nd5 Bxd5 11. exd5 g6 12. 0-0 Bh6 13. Bxh6 Rxh6 14. Qd2 Rh8 15. Na5 Qb6+ 16. Kh1 h4 17. Nc4 Qc7 18. a4 Nh5 19. Qb4 Ke7 20. f4 Ng3+ 21. hxg3 hxg3+ 22. Kg1 Rh4 23. Bg4 Rxg4 24. Rae1 a5 25. Qb5 Rh8 26. fxe5 Rxc4 27. exd6+ Kxd6 28. Rxf7 Qc5+ 29. Qxc5+ Nxc5 30. Rf6+ Kxd5 31. Rxg6 Ne4 32. Rg4 Rh1+ 33. Kxh1 Nf2+ 34. Kg1 Nxg4 35. c3 Rxa4 36. Rb1 Ne3 37. Re1 Ra2 0-1

[Event "Rubinstein Memorial 52nd"]
[Site "Polanica Zdroj"]
[Date "2016.08.21"]
[Round "2"]
[White "Goslawski, Michal"]
[Black "Szelag, Marcin"]
[Result "1/2-1/2"]
[WhiteElo "2168"]
[BlackElo "2443"]
[PlyCount "83"]
[EventDate "2016.08.20"]
[EventType "swiss"]
[EventRounds "10"]
[EventCountry "POL"]
[SourceTitle "CBM 174 Extra"]
[Source "ChessBase"]
[SourceDate "2016.10.10"]
[SourceVersion "1"]
[SourceVersionDate "2016.10.10"]
[SourceQuality "1"]

1. Nf3 Nf6 2. c4 g6 3. Nc3 Bg7 4. d4 d6 5. e4 0-0 6. Be2 e5 7. 0-0 Nc6 8. dxe5 dxe5 9. Bg5 Qxd1 10. Rfxd1 Bg4 11. h3 Bxf3 12. Bxf3 Nd4 13. Nd5 Nxd5 14. cxd5 f5 15. Rac1 Rf7 16. Kf1 Nxf3 17. gxf3 Bf8 18. Be3 Bd6 19. Rd3 Kf8 20. Rb3 b6 21. Rc4 Ke7 22. Ra4 Kd7 23. Ke2 a5 24. Rc4 Raf8 25. Bh6 Rg8 26. Be3 f4 27. Bd2 g5 28. Rb5 h5 29. a4 g4 30. fxg4 hxg4 31. hxg4 Rxg4 32. Kf3 Rh4 33. b4 Rh3+ 34. Ke2 f3+ 35. Ke3 Rh1 36. bxa5 Bc5+ 37. Rcxc5 bxc5 38. a6 Ra1 39. a7 Rxa4 40. Ba5 Ra3+ 41. Kd2 Rf8 42. Rb8 1/2-1/2